Da donna a donna

Guardat en:
Dades bibliogràfiques
Autor principal: Rasom, Rita
Format: Llibre
Idioma:anglès
Publicat: Bolzano
Etiquetes: Afegir etiqueta
Sense etiquetes, Sigues el primer a etiquetar aquest registre!

MARC

LEADER 00000nam a2200000 4500
001 CDOM0000003784
003 mi
005 20250922141042.0
008 250922b |||||||| |||| 00| 0 eng d
040 |c mi 
100 |a Rasom, Rita 
245 1 |a Da donna a donna  
260 |a Bolzano 
942 |2 ddc  |c BK 
952 |0 0  |1 0  |2 ddc  |4 0  |7 0  |9 6995  |a MI  |b MI  |d 2009-08-31  |i 5510  |l 0  |p CDOM5510  |r 2025-07-13 16:28:00  |w 2025-07-13  |x ACQUISTO  |y BK 
999 |c 5712  |d 5712